000 01365nam a22003137a 4500
005 20080929101452.0
008 080929t xxu||||| |||| 00| 0chin d
010 _aHIN-92172
020 _a9788123759890
_c95.00
035 _aHN-64518
037 _bDBAD / PUB
040 _aDPL
_bHN
082 _a824
100 _926640
245 _aनागार्जुन : चयनित निबंध /
_cशोभाकान्त द्रारा संपादित
246 _aNagarjun:Chaynit Nibandh
_bEdt by Shobhakant
260 _aनई दिल्ली
_bनेशनल बुक ट्रस्ट
_c2010
270 _aनेहरू भवन, 5 इंस्टीट्यूशनल एरिया, फेज-2 वसंत कुंज,
_bनई दिल्ली
_e110070
300 _a195पृ.
_c22सेमी (अजिल्द)
490 _aभारतीय साहित्य
_926907
650 _9697
_aहिन्दी निबंध
650 _926793
_aHindi Essay
650 _926674
650 _9698
700 _926643
_aशोभाकान्त
710 _926662
942 _2ddc
_cHN
_h824
_mनागार्जु
999 _c51260
_d51260